00534nam a22001937a 450000500170000001000140001702000260003102000230005703500230008003700130010308200130011610000150012924500460014425000120019026000480020227000430025030000280029350000190032120181218154319.0 aENG-95151 a9780070669116c325.00 a0070669112c325.00 aEN-78683, B-490490 bDBAD/PUB a621.3815 aJain, R.P. aModern digital electronics /cby R P Jain a4th ed. aNew DelhibTata McGraw Hill Educationc2010 a7, West Patel NagarbNew Delhie110008 axvi, 712 p.c24cm (Pbk) aIncludes index